000 00865nam a2200265 4500
001 0000017745
003 CO-CtgCURN
005 20260216233947.0
007 ta
008 160627s1996 000 0 eng d
040 _aCO-CtgCURN
_bspa
_ccoctgcurn
082 0 _a345
_bE72t
100 1 _aEscobar López, Edgar A.
245 1 0 _aTemas de derecho penal /
_cEdgar Escobar López.
260 _aBogotá :
_bLeyer,
_c1996.
300 _a117 p.
336 _2rdacontent
337 _2rdamedia
_asin mediacion
_bn
338 _2rdacarrier
_avolumen
_bnc
505 8 _aEl hurto agravado.--El nexo causal y la concausalidad.--Competencia de los jueces de ejecucion de penas.--El error de prohibicion
650 1 4 _aDerecho penal.
908 _a160627
942 _cBK
_h345
_iE72t
_2ddc
999 _c11840
_d11840